AGRONOMY ABSTRACTS (Record no. 18552)

MARC details
000 -LEADER
fixed length control field 00443nam a2200157Ia 4500
022 ## - INTERNATIONAL STANDARD SERIAL NUMBER
ISSN 0065-4671
041 ## - LANGUAGE CODE
Language code of text/sound track or separate title En
245 #0 - TITLE STATEMENT
Title AGRONOMY ABSTRACTS
260 ## - PUBLICATION, DISTRIBUTION, ETC. (IMPRINT)
Name of publisher American Society of Agronomy, Madison, Wisconsin
Place of publication USA
310 ## - CURRENT PUBLICATION FREQUENCY
Current publication frequency A
500 ## - GENERAL NOTE
General note Ending Volume & Year: 2000,
500 ## - GENERAL NOTE
General note Missing Volume: 1974;1977;1989;1991-1997
500 ## - GENERAL NOTE
General note Starting Volume & Year: 1973
942 ## - ADDED ENTRY ELEMENTS (KOHA)
Koha item type Bound Journal
Holdings
Withdrawn status Lost status Damaged status Not for loan Home library Current library Date acquired Accession Number Koha item type
      Bound journals RRII Library RRII Library 31/12/2021 20512J Bound Journal